[Event "84th ESP-ch 2019"]
[Site "Marbella"]
[Date "2019.11.21"]
[Round "6.28"]
[White "Diaz Mino, Daniel"]
[Black "Perera Borrego, Maria Adela"]
[Result "0-1"]
[WhiteElo "1953"]
[BlackElo "2201"]
[Annotator "TA"]
[PlyCount "106"]
[EventDate "2019.11.16"]
[EventType "swiss"]
[EventCountry "ESP"]
[SourceTitle "playchess.com"]
[Source "ChessBase"]
[SourceQuality "1"]

{[%evp 9,135,1,1,2,6,0,14,18,45,35,41,42,58,32,33,33,38,37,40,42,65,23,35,27,38,11,34,28,53,36,136,139,148,31,39,0,98,93,109,32,41,-18,40,32,37,40,44,48,71,73,51,68,64,17,25,0,64,-17,-27,-22,2,0,29,0,86,0,0,0,0,0,0,-21,57,40,66,-303,-414,-389,-358,-230,-209,-838,-768,-781,-757,-726,-501,-501,-501,-469,-444,-7813,-10439,-29970,-29971,-29972,-29973,-29968,-29969,-29975,-29976,-29975,-29977,-29976,-29976,-29973,-29977,-29977,-29976,-29976,-29977,-29979,-29980,-29981,-29982,-29983,-29981,-29980,-29980,-29985,-29986,-29994,-29995,-29995,-29995,-29995,-29996,-29998]} 1. e4 e6 2. Qe2 Nc6 3. Nf3 e5 4. c3 Be7 (4... d6 5. d4 g6 6. Bg5 Be7 7. Be3 Bf6 8. h3 Bg7 9. Qc2 Nf6 10. Nbd2 O-O 11. Bb5 Bd7 12. Bxc6 exd4 13. cxd4 Bxc6 {1-0 (24) Yakubboev,N (2556)-Antipov,M (2589) St Petersburg 2018}) 5. d4 exd4 6. cxd4 {C00: French: Unusual White 2nd moves} d5 7. e5 Bg4 $146 ({Predecessor:} 7... Bf5 8. a3 Be4 9. Be3 f6 10. exf6 Nxf6 11. Nc3 O-O 12. Nxe4 Nxe4 {½-½ (64) Mateos Rozas,M (2153)-Calonge Fabregat,M (1849) Torredembarra 2017}) 8. Be3 {The position is equal.} Bb4+ 9. Nc3 Nge7 10. h3 Bd7 11. a3 Bxc3+ 12. bxc3 Na5 13. Qa2 h6 14. Be2 Qc8 15. Rb1 b6 16. Rc1 Be6 17. Bd3 c6 18. Qe2 Qc7 19. O-O g5 (19... Bf5 $14) 20. Nh2 $16 O-O-O 21. Qh5 (21. f4 $16) 21... Nf5 $14 22. Qe2 Qe7 (22... Ne7 $11) 23. Ng4 $16 Nxe3 24. Nxe3 (24. fxe3 $16 h5 25. Nf6) 24... h5 25. Bf5 (25. f4 $14) 25... Rdg8 ({Black should try} 25... g4 $11) 26. Qa6+ Qb7 27. Qxb7+ Kxb7 28. f4 Bxf5 29. Nxf5 {[#] Strongly threatening Nd6+.} Nc4 30. fxg5 Rxg5 31. Ne7 Rh7 $1 32. Rf3 Kc7 (32... Nd2 $11 33. Rf5 Rhg7 34. Rxg5 Rxg5) 33. Rc2 (33. Rcf1 $1 $14 Kd7 34. Rxf7) 33... Kd7 $11 34. Nf5 a5 35. a4 Rg6 36. Rcf2 (36. Nh4 $5 {[%cal Rh4g6]} Re6 37. Rcf2 $14) 36... h4 (36... b5 $11 {keeps the balance.}) 37. Ne3 ({White should play} 37. Rf4 $16) 37... Nxe3 38. Rxe3 {[%mdl 4096] Endgame KRR-KRR} Rhg7 39. Ref3 Ke7 40. Kh2 c5 (40... Rg3 $11 41. Rb2 R7g6) 41. Rf6 c4 42. Rb2 $2 {[%mdl 8192]} (42. R6f4 $14) 42... Rxf6 $19 43. exf6+ Kxf6 44. Rxb6+ {KR-KR} Kf5 45. Rb5 $2 (45. Rh6 Rg3 46. Rh5+ Ke6 47. Rxh4 Rxc3 48. g4) 45... Ke4 46. Rxa5 f5 47. Rc5 Rd7 48. a5 Kd3 49. a6 Kxc3 50. a7 (50. Ra5 $142 Ra7 51. Rxd5) 50... Rxa7 51. Rxd5 Kd2 {Black mates.} 52. Rxf5 c3 53. Rf2+ {[#]} Kd3 {Played: Kd2-e3} 0-1

[Event "84th ESP-ch 2019"]
[Site "Marbella"]
[Date "2019.11.21"]
[Round "6.29"]
[White "Rodriguez Redondo, Adhara"]
[Black "Hernando Rodrigo, Inmaculada"]
[Result "0-1"]
[WhiteElo "2199"]
[BlackElo "1863"]
[Annotator "TA"]
[PlyCount "140"]
[EventDate "2019.11.16"]
[EventType "swiss"]
[EventCountry "ESP"]
[SourceTitle "playchess.com"]
[Source "ChessBase"]
[SourceQuality "1"]

{[%evp 11,140,16,16,11,35,0,9,-10,27,14,32,37,43,14,19,14,20,6,14,0,41,8,23,12,21,22,20,7,9,0,15,0,35,28,26,25,22,32,27,6,13,20,80,14,27,29,33,33,29,0,7,0,30,36,34,34,60,68,112,100,103,91,79,0,70,69,154,154,243,250,237,229,268,88,105,97,82,18,23,47,106,122,117,114,109,0,0,0,0,0,434,399,422,8,393,0,0,0,14,-37,0,0,0,0,7,7,8,8,8,8,398,-8,0,-1033,-1008,-1091,-8,-12797,-12790,-29977,-29978,-29974,-29977,-29971,-29972,-29988,-29989,-29989,-29990,-29990,-29991]} 1. e4 d5 2. exd5 Qxd5 3. Nc3 Qa5 4. Bc4 Nf6 5. d3 c6 6. Bd2 Qc7 7. a4 {B01: Scandinavian Defence} (7. Qe2 Bf5 8. h3 h5 9. Nf3 Nbd7 10. O-O Nb6 11. Bb3 Nbd5 12. Nxd5 Nxd5 13. Nd4 Bd7 14. Bxd5 cxd5 15. c4 dxc4 16. dxc4 {½-½ (48) Efimenko,Z (2651)-Kryvoruchko,Y (2659) Kiev 2013}) 7... Nbd7 8. h3 $146 ({Predecessor:} 8. a5 e6 9. Nf3 Bb4 10. Ne4 Bxd2+ 11. Qxd2 Nxe4 12. dxe4 Ne5 13. Be2 Nxf3+ 14. Bxf3 e5 15. O-O O-O 16. Rfd1 Be6 17. Qd6 Qxd6 18. Rxd6 Rfd8 19. Rad1 Rxd6 20. Rxd6 Rc8 21. Be2 Kf8 {½-½ (21) Schikor,T (2120)-Thiele,M Leipzig 1994}) 8... e6 9. Nf3 {The position is equal.} Ne5 10. Bb3 Nxf3+ 11. Qxf3 Qe5+ 12. Qe2 (12. Be3 {keeps more tension.} Bd7 13. d4 Qf5 14. Qxf5 exf5 15. d5) 12... Qxe2+ 13. Nxe2 Bd6 14. O-O O-O 15. Rfe1 Bd7 16. Nc3 Bb4 17. Re2 a5 18. Ne4 Be7 19. f4 Nd5 20. Kh2 Rfe8 21. g3 Nb4 22. Be3 Nd5 23. Bc5 Bxc5 24. Nxc5 Bc8 25. Rae1 b6 26. Ne4 Ba6 (26... Rd8 $11) 27. Nd2 (27. f5 $16) 27... Kf8 28. Nf3 Rac8 29. Ne5 Red8 30. Re4 Nf6 31. R4e2 Nd5 32. Rf2 g6 33. g4 f6 34. Nf3 $36 {[%mdl 2048] White is pushing.} Kf7 35. Nd4 Rd6 36. Kg3 Re8 37. f5 (37. Nf3 $16) 37... gxf5 ({Black should play} 37... exf5 $11 38. Rxe8 Kxe8) 38. gxf5 $14 Rg8+ (38... e5 $14 39. Nxc6 Rc8) 39. Kh2 $16 {[%cal Rf5e6]} Bc8 (39... e5 $16) 40. fxe6+ $18 Bxe6 41. Rfe2 Re8 {[#]} 42. Nxe6 $2 (42. Nf5 $1 $18 {[%mdl 512]} Rdd8 (42... Bxf5 43. Rxe8) 43. Nh6+ Kg7 44. Rxe6 Rxe6 45. Rxe6 Kxh6 46. Rxc6) 42... Rdxe6 $16 43. Rxe6 Rxe6 44. Rxe6 (44. Re4 $1 $16) 44... Kxe6 $18 {[%mdl 4096] Endgame KB-KN} 45. c4 Nb4 ({Better is} 45... Ne7 $1 $14) 46. c5+ $1 $16 Kd7 47. cxb6 Nxd3 48. Kg3 ({White should try} 48. Be6+ $16 Kd6 49. b3) 48... Nxb2 $11 49. Kf4 Nd3+ 50. Kf5 Nc5 $2 {[%mdl 8192]} (50... c5 $11 {and Black is okay.}) 51. Bc2 $1 $18 Ke7 52. Bd1 $2 (52. h4 $18) 52... Nb7 $2 {[%mdl 8192]} (52... Nd7 $11 {and Black stays safe.}) 53. h4 $2 (53. Kg4 $1 $18 {aiming for Bc2.} Nc5 54. Bc2) 53... Nd6+ $11 54. Kf4 Kd8 55. Bf3 (55. Bc2 $11 f5 56. h5 (56. Bxf5 Nxf5 57. Kxf5 Kc8 $15)) 55... Kd7 56. Bg4+ f5 57. Bf3 h6 58. Be2 Kc8 59. Ke5 Ne4 {...Nc3 is the strong threat.} 60. Ba6+ Kb8 $2 {[%mdl 8192]} (60... Kd7 $11 {and Black has nothing to worry.}) 61. Kxf5 $2 (61. Bd3 $1 $18) 61... Nc5 $1 {[%csl LRa4,LRa6][%mdl 64] Double Attack} 62. Be2 $2 {[%mdl 8192]} (62. Kg6 $11 Nxa6 63. Kxh6) 62... Nxa4 $19 63. Kg6 Nxb6 $2 (63... Nb2 $1 $19 {And now ...a4 would win.} 64. Bf3 c5 65. Kxh6 a4) 64. Kxh6 $2 {[%mdl 8192]} (64. Bd1 $11) 64... a4 65. Bd1 {[#]} a3 $1 {[%cal Ra3a2] Black mates.} 66. Bb3 {[#]} c5 $1 {[%cal Rc5c4]} 67. Kg7 c4 68. h5 cxb3 69. h6 a2 70. h7 a1=Q+ {Accuracy: White = 28%, Black = 40%.} 0-1

[Event "84th ESP-ch 2019"]
[Site "Marbella"]
[Date "2019.11.21"]
[Round "6.30"]
[White "Serrano Garcia, Luis"]
[Black "Zurano Lopez, Pedro"]
[Result "0-1"]
[WhiteElo "1866"]
[BlackElo "2292"]
[Annotator "TA"]
[PlyCount "84"]
[EventDate "2019.11.16"]
[EventType "swiss"]
[EventCountry "ESP"]
[SourceTitle "playchess.com"]
[Source "ChessBase"]
[SourceQuality "1"]

{[%evp 9,84,41,55,47,65,20,62,29,95,79,85,99,87,73,88,81,79,68,83,79,69,53,62,64,80,53,104,81,118,87,154,0,62,62,53,0,0,0,0,0,0,-7,-7,-7,-7,-20,-7,-7,-7,-7,-7,-7,0,0,0,0,0,0,0,0,0,0,0,0,0,0,0,0,54,54,54,54,54,54,54,26,26]} 1. e4 g6 2. d4 c6 3. Nc3 d5 4. f3 Nf6 (4... Bg7 5. Be3 Qb6 6. Qd2 Qxb2 7. Rb1 Qa3 8. exd5 Nf6 9. dxc6 bxc6 10. Bd3 O-O 11. Nge2 Nbd7 12. O-O Ba6 13. Rb3 Qa5 14. Ne4 Qxd2 15. Bxd2 Bxd3 16. cxd3 {½-½ (27) Najer,E (2706)-Rozum,I (2573) Sochi 2017}) 5. e5 Nh5 6. Be3 {B15: Caro-Kann: 3 Nc3: 3...g6 and 3...dxe4 4 Nxe4 Nf6 5 Nxf6+ exf6} Qb6 $146 ({Predecessor:} 6... f5 7. exf6 Nxf6 8. g4 h5 9. Qd3 Be6 10. g5 Bf5 11. Qd2 {1-0 (41) Avis,F (1886)-Meyer zu Kniendorf,J (1710) Goch 2015}) 7. Bd3 Ng7 8. Nge2 {White is slightly better.} Na6 (8... Qxb2 $11 9. O-O Qa3) 9. a3 $16 Nf5 10. Bf2 h5 11. O-O Bh6 12. f4 Qd8 13. Bxa6 bxa6 14. Na4 Rb8 15. b4 e6 16. Nc5 Rg8 17. Kh1 Qb6 (17... h4 $14) 18. g3 Qb5 19. c3 Kd8 (19... a5 $142) 20. Qd3 $2 {[#]} (20. Nc1 $16) 20... Bf8 (20... Qxd3 $11 21. Nxd3 a5) 21. Qf3 $14 a5 22. Rfb1 (22. Nb3 $14) 22... Bxc5 $11 23. dxc5 Ba6 24. Nd4 Nxd4 25. Bxd4 Qd3 26. Qxd3 Bxd3 27. Rb2 a4 28. h4 Kc7 29. Kg1 Kb7 30. Kf2 Ka6 31. Ke3 Bc4 32. Rab1 Rb7 33. Ra1 Kb5 34. Kd2 Rgb8 35. Rab1 Bb3 36. Kd3 a5 37. Be3 axb4 38. cxb4 d4 ({Black should try} 38... Bc4+ $11 39. Kd4 Rc8) 39. Bxd4 $14 ({Not} 39. Kxd4 Rd7+ 40. Kc3 Rbd8 $17) 39... Rd7 {[#] And now ...Rbd8 would win.} 40. Kc3 Rbd8 41. Rd2 Bd5 42. Rbb2 Be4 {[%mdl 32768] Accuracy: White = 49%, Black = 53%. . Loss on time!?} 0-1

[Event "84th ESP-ch 2019"]
[Site "Marbella"]
[Date "2019.11.21"]
[Round "6.31"]
[White "Aguado Doncel, Pablo Luis"]
[Black "Martin Carmona, Gaston Manuel"]
[Result "0-1"]
[WhiteElo "2062"]
[BlackElo "2304"]
[Annotator "ChessBase"]
[PlyCount "74"]
[EventDate "2019.11.16"]
[EventType "swiss"]
[EventCountry "ESP"]
[SourceTitle "playchess.com"]
[Source "ChessBase"]
[SourceQuality "1"]
[TimeControl "5400+30"]

1. d4 {[%emt 0:00:00]} Nf6 {[%emt 0:00:23]} 2. c4 {[%emt 0:00:06]} g6 {[%emt 0:00:19]} 3. Nc3 {[%emt 0:00:18]} Bg7 {[%emt 0:00:25]} 4. e4 {[%emt 0:00:28]} O-O {[%emt 0:00:19]} 5. Nf3 {[%emt 0:00:39]} d6 {[%emt 0:00:15]} 6. Be2 {[%emt 0:00:40]} e5 {[%emt 0:00:06]} 7. d5 {[%emt 0:00:16]} a5 {[%emt 0:00:28]} 8. Bg5 {[%emt 0:00:29]} h6 {[%emt 0:00:05]} 9. Bh4 {[%emt 0:00:18]} Na6 {[%emt 0:00:05]} 10. Nd2 {[%emt 0:00:51]} Bd7 {[%emt 0:00:49]} 11. O-O {[%emt 0:01:36]} Qe8 {[%emt 0:01:03]} 12. b3 {[%emt 0:00:16]} Nh7 {[%emt 0:00:05]} 13. a3 {[%emt 0:00:45]} h5 {[%emt 0:00:13]} 14. f3 {[%emt 0:00:24]} Bh6 {[%emt 0:00:05]} 15. Rb1 {[%emt 0:00:40]} Be3+ {[%emt 0:00:18]} 16. Kh1 {[%emt 0:00:21]} Bc5 {[%emt 0:00:05]} 17. Qc1 {[%emt 0:00:35]} f5 {[%emt 0:00:06]} 18. exf5 {[%emt 0:01:42]} gxf5 {[%emt 0:01:51]} 19. f4 {[%emt 0:00:27]} e4 {[%emt 0:06:07]} 20. Rd1 {[%emt 0:14:52]} Be3 {[%emt 0:07:44]} 21. Rf1 {[%emt 0:01:17]} Qg6 {[%emt 0:04:53]} 22. b4 {[%emt 0:04:23]} Qh6 {[%emt 0:01:31]} 23. g3 {[%emt 0:04:50]} axb4 {[%emt 0:01:04]} 24. axb4 {[%emt 0:00:05]} Bd4 {[%emt 0:00:34]} 25. c5 {[%emt 0:10:27]} dxc5 {[%emt 0:06:06]} 26. Bxa6 {[%emt 0:00:53]} Qxa6 {[%emt 0:02:41]} 27. bxc5 {[%emt 0:02:14]} Bxc5 {[%emt 0:09:33]} 28. Ncxe4 {[%emt 0:04:16]} Be3 {[%emt 0:04:06]} 29. Qc3 {[%emt 0:15:41]} Qa7 {[%emt 0:09:40]} 30. Qxc7 {[%emt 0:14:15]} fxe4 {[%emt 0:12:18]} 31. Nc4 {[%emt 0:07:00]} b5 {[%emt 0:02:00]} 32. Qxa7 {[%emt 0:00:17]} Bxa7 {[%emt 0:00:07]} 33. Ne5 {[%emt 0:00:45]} Bf5 {[%emt 0:03:41]} 34. Rxb5 {[%emt 0:02:08]} e3 {[%emt 0:00:20]} 35. Rb4 {[%emt 0:01:36]} Rfb8 {[%emt 0:02:29]} 36. Ra4 {[%emt 0:02:57]} e2 {[%emt 0:00:56]} 37. Re1 {[%emt 0:05:14]} Bf2 {[%emt 0:00:26]} 0-1

[Event "84th ESP-ch 2019"]
[Site "Marbella"]
[Date "2019.11.21"]
[Round "6.32"]
[White "Roman Lopez, Jesus"]
[Black "Kolotilina, Liudmila"]
[Result "0-1"]
[WhiteElo "1993"]
[BlackElo "2242"]
[Annotator "TA"]
[PlyCount "88"]
[EventDate "2019.11.16"]
[EventType "swiss"]
[EventCountry "ESP"]
[SourceTitle "playchess.com"]
[Source "ChessBase"]
[SourceQuality "1"]

{[%evp 16,88,39,27,43,-14,-18,-29,-29,-23,-22,-47,-52,-50,-52,-48,-57,-45,-69,-70,-69,-70,-70,-69,-60,-59,-26,-35,-27,-40,-41,-50,-31,-31,-27,-25,-33,-46,-11,-33,-32,-62,-39,-61,-20,-17,-24,-22,-8,-8,-8,-9,-8,-51,-20,-56,-39,-214,-225,-215,-205,-213,-197,-196,-118,-227,-143,-442,-460,-696,-812,-804,-700,-29981,-29982]} 1. e4 e5 2. d4 exd4 3. c3 d5 4. exd5 Qxd5 5. cxd4 Nc6 6. Nf3 Bg4 7. Be2 Nf6 8. Nc3 Bb4 9. O-O Qa5 {C44: Ponziani Opening and Scotch Gambit} (9... Qd7 10. d5 Ne7 11. Ne5 Bxe2 12. Qxe2 Qf5 13. Qb5+ c6 14. dxc6 bxc6 15. Qxb4 Qxe5 16. Bf4 Qf5 17. Rfe1 c5 18. Qa4+ Kf8 19. Bd6 Nfg8 20. Rad1 Qf6 21. Ne4 Qxb2 22. Nxc5 g6 23. Nd7+ Kg7 24. Be5+ {1-0 (24) Hrabinska,M (2243)-Dev,S (2147) Pardubice 2019}) 10. Ne5 (10. h3 $14 Bxf3 11. Bxf3) 10... Bxe2 $11 11. Nxc6 $146 ({Predecessor:} 11. Nxe2 Nxe5 12. dxe5 Rd8 13. Qb3 Ne4 14. a3 Bc5 15. Qc2 Bxf2+ 16. Rxf2 Nxf2 17. Kxf2 Qxe5 {1-0 (59) Lifshitz,S (2110)-Malmstroem,J (1915) Chessfriend.com 2004}) 11... Bxd1 {Black has an edge.} 12. Nxa5 Bxa5 13. Rxd1 O-O-O 14. Bg5 Rd6 15. Bxf6 Rxf6 16. b4 Bb6 17. Nd5 Rd6 18. Nxb6+ Rxb6 $15 {[%mdl 4096] Endgame KRR-KRR} 19. a3 Rd8 20. Rd3 a5 21. bxa5 Ra6 22. Kf1 Rxa5 23. Re1 Rad5 24. Re7 R5d7 25. Rxd7 Kxd7 $11 {KR-KR} 26. Ke2 Ra8 27. Rb3 b6 28. Kd3 Ra4 29. g4 h5 30. gxh5 Ra5 31. h6 g6 32. Ke4 {Strongly threatening Rh3.} Rh5 $1 {[%csl LRh2,LRh6][%mdl 64] [#] Double Attack} 33. Rf3 Ke7 34. Rc3 Kd6 35. Rf3 Rh4+ ({Of course not} 35... Rxh2 $6 36. Rxf7 Rxh6 37. f4 $14) 36. Rf4 $2 {[#]} (36. Kd3 $15) 36... f5+ $19 ({Stronger than} 36... Rxh2 37. Rxf7 Rxh6 38. f4 $14) 37. Ke3 Rxh2 ({Don't play} 37... Rxh6 38. h4 $17) 38. Rf3 Rxh6 39. Rg3 Ke6 (39... Kd5 $19 40. a4 Rh4 41. Rxg6 Re4+ 42. Kf3 Rxd4) 40. Kd3 (40. a4 $17 {keeps fighting.}) 40... Kf6 41. Kc4 $2 {[%mdl 8192]} (41. Ke2 $17 {was worth a try.}) 41... Rh2 42. Rf3 (42. Rc3 $142 Rxf2 43. Kd5) 42... g5 43. Kd5 g4 44. Rf4 Rh7 {Accuracy: White = 27%, Black = 53%.} 0-1

[Event "84th ESP-ch 2019"]
[Site "Marbella"]
[Date "2019.11.21"]
[Round "6.33"]
[White "Sosa Suarez, Carla Cristina"]
[Black "Hernandez Roldan, Miguel"]
[Result "0-1"]
[WhiteElo "2022"]
[BlackElo "2229"]
[Annotator "ChessBase"]
[PlyCount "108"]
[EventDate "2019.11.16"]
[EventType "swiss"]
[EventCountry "ESP"]
[SourceTitle "playchess.com"]
[Source "ChessBase"]
[SourceQuality "1"]
[TimeControl "5400+30"]

1. e4 {[%emt 0:00:00]} c5 {[%emt 0:00:00]} 2. Nf3 {[%emt 0:00:00]} d6 {[%emt 0:00:00]} 3. d4 {[%emt 0:00:00]} cxd4 {[%emt 0:00:00]} 4. Nxd4 {[%emt 0:00:00]} Nf6 {[%emt 0:00:00]} 5. Nc3 {[%emt 0:00:00]} g6 {[%emt 0:00:00]} 6. Be3 {[%emt 0:00:17]} Bg7 {[%emt 0:01:07]} 7. f3 {[%emt 0:00:04]} a6 {[%emt 0:00:13]} 8. Bc4 {[%emt 0:06:26]} b5 {[%emt 0:00:17]} 9. Bb3 {[%emt 0:01:27]} Bb7 {[%emt 0:00:58]} 10. a4 {[%emt 0:05:45]} b4 {[%emt 0:04:09]} 11. Nd5 {[%emt 0:02:52]} Nxd5 {[%emt 0:15:13]} 12. Bxd5 {[%emt 0:00:11]} Bxd5 {[%emt 0:01:25]} 13. exd5 {[%emt 0:00:05]} Qa5 {[%emt 0:00:18]} 14. Nb3 {[%emt 0:09:42]} Qc7 {[%emt 0:00:06]} 15. Bd4 {[%emt 0:04:29]} O-O {[%emt 0:00:09]} 16. Bxg7 {[%emt 0:05:10]} Kxg7 {[%emt 0:00:02]} 17. Qd4+ {[%emt 0:00:50]} Kg8 {[%emt 0:00:02]} 18. Rc1 {[%emt 0:03:14]} Nd7 {[%emt 0:05:43]} 19. O-O {[%emt 0:03:25]} Qb6 {[%emt 0:01:18]} 20. Rfd1 {[%emt 0:04:48]} Rfc8 {[%emt 0:03:48]} 21. a5 {[%emt 0:16:19]} Qxd4+ {[%emt 0:05:51]} 22. Nxd4 {[%emt 0:01:04]} Nf6 {[%emt 0:00:44]} 23. Nb3 {[%emt 0:20:24]} Rab8 {[%emt 0:01:53]} 24. Rd2 {[%emt 0:00:08]} Kf8 {[%emt 0:04:20]} 25. g4 {[%emt 0:01:23]} Rb5 {[%emt 0:05:00]} 26. Rcd1 {[%emt 0:00:03]} Nd7 {[%emt 0:00:06]} 27. Kf2 {[%emt 0:03:11]} Ne5 {[%emt 0:00:25]} 28. Re2 {[%emt 0:06:49]} Rc7 {[%emt 0:01:52]} 29. Rd4 {[%emt 0:01:47]} Nc4 {[%emt 0:02:19]} 30. g5 {[%emt 0:01:54]} Nxb2 {[%emt 0:01:25]} 31. Kg3 {[%emt 0:02:00]} Rc4 {[%emt 0:02:36]} 32. Ree4 {[%emt 0:00:45]} Rxd4 {[%emt 0:00:55]} 33. Rxd4 {[%emt 0:00:03]} Ke8 {[%emt 0:03:48]} 34. Nc1 {[%emt 0:01:39]} Kd7 {[%emt 0:04:11]} 35. Na2 {[%emt 0:00:35]} Rxa5 {[%emt 0:01:01]} 36. Nxb4 {[%emt 0:00:09]} Ra4 {[%emt 0:00:07]} 37. Nc6 {[%emt 0:00:57]} Rxd4 {[%emt 0:00:44]} 38. Nxd4 {[%emt 0:00:03]} Nd1 {[%emt 0:00:17]} 39. Kf4 {[%emt 0:00:51]} Nc3 {[%emt 0:00:06]} 40. Nb3 {[%emt 0:00:16]} Nxd5+ {[%emt 0:00:08]} 41. Ke4 {[%emt 0:00:03]} e6 {[%emt 0:00:49]} 42. c4 {[%emt 0:00:18]} Nb6 {[%emt 0:01:30]} 43. c5 {[%emt 0:00:24]} d5+ {[%emt 0:00:03]} 44. Ke5 {[%emt 0:00:10]} Nc4+ {[%emt 0:00:27]} 45. Kf6 {[%emt 0:00:13]} a5 {[%emt 0:00:06]} 46. Kxf7 {[%emt 0:00:45]} a4 {[%emt 0:00:06]} 47. Nc1 {[%emt 0:00:26]} a3 {[%emt 0:02:18]} 48. Kg7 {[%emt 0:01:15]} d4 {[%emt 0:00:07]} 49. Kxh7 {[%emt 0:00:06]} d3 {[%emt 0:00:06]} 50. Nxd3 {[%emt 0:00:03]} a2 {[%emt 0:00:07]} 51. c6+ {[%emt 0:00:03]} Kc7 {[%emt 0:00:05]} 52. Kxg6 {[%emt 0:00:22]} a1=Q {[%emt 0:00:07]} 53. Kh7 {[%emt 0:00:25]} Qb1 {[%emt 0:00:12]} 54. g6 {[%emt 0:00:18]} Qxd3 {[%emt 0:00:10]} 0-1

[Event "84th ESP-ch 2019"]
[Site "Marbella"]
[Date "2019.11.21"]
[Round "6.34"]
[White "Martin Hernandez, Ruben"]
[Black "Hernandez Perez, Jesus"]
[Result "1-0"]
[WhiteElo "2206"]
[BlackElo "1956"]
[Annotator "ChessBase"]
[PlyCount "47"]
[EventDate "2019.11.16"]
[EventType "swiss"]
[EventCountry "ESP"]
[SourceTitle "playchess.com"]
[Source "ChessBase"]
[SourceQuality "1"]
[TimeControl "5400+30"]

1. Nf3 {[%emt 0:00:56]} e6 {[%emt 0:00:05]} 2. c4 {[%emt 0:00:37]} f5 {[%emt 0:00:46]} 3. g3 {[%emt 0:00:14]} Nf6 {[%emt 0:00:15]} 4. Bg2 {[%emt 0:00:15]} d5 {[%emt 0:00:22]} 5. O-O {[%emt 0:00:34]} c6 {[%emt 0:00:53]} 6. d3 {[%emt 0:02:39]} dxc4 {[%emt 0:05:08]} 7. dxc4 {[%emt 0:00:10]} Qxd1 {[%emt 0:00:26]} 8. Rxd1 {[%emt 0:00:15]} Bc5 {[%emt 0:01:27]} 9. Nc3 {[%emt 0:04:19]} O-O {[%emt 0:03:28]} 10. Bf4 {[%emt 0:11:43]} Nbd7 {[%emt 0:05:56]} 11. Na4 {[%emt 0:14:59]} Be7 {[%emt 0:02:57]} 12. Ne5 {[%emt 0:01:00]} Nxe5 {[%emt 0:04:23]} 13. Bxe5 {[%emt 0:01:13]} Nd7 {[%emt 0:02:12]} 14. Bd6 {[%emt 0:00:20]} Kf7 {[%emt 0:05:03]} 15. b3 {[%emt 0:01:45]} Bf6 {[%emt 0:14:45]} 16. Rac1 {[%emt 0:00:52]} Re8 {[%emt 0:00:36]} 17. e4 {[%emt 0:00:14]} Nb6 {[%emt 0:05:02]} 18. Nc5 {[%emt 0:01:58]} e5 {[%emt 0:02:08]} 19. exf5 {[%emt 0:00:48]} Rd8 {[%emt 0:05:47]} 20. g4 {[%emt 0:05:14]} g6 {[%emt 0:06:25]} 21. Ne4 {[%emt 0:02:07]} gxf5 {[%emt 0:01:39]} 22. Nxf6 {[%emt 0:00:06]} Kxf6 {[%emt 0:00:17]} 23. Bxe5+ {[%emt 0:00:09]} Ke7 {[%emt 0:00:15]} 24. Bf6+ {[%emt 0:00:07]} 1-0

[Event "84th ESP-ch 2019"]
[Site "Marbella"]
[Date "2019.11.21"]
[Round "6.35"]
[White "Rodriguez Reinoso, Victoriano"]
[Black "Sanchez Elena, Lucia"]
[Result "1/2-1/2"]
[WhiteElo "2204"]
[BlackElo "1662"]
[Annotator "ChessBase"]
[PlyCount "63"]
[EventDate "2019.11.16"]
[EventType "swiss"]
[EventCountry "ESP"]
[SourceTitle "playchess.com"]
[Source "ChessBase"]
[SourceQuality "1"]
[TimeControl "5400+30"]

1. Nf3 {[%emt 0:00:00]} Nf6 {[%emt 0:00:00]} 2. c4 {[%emt 0:00:00]} e6 {[%emt 0:00:08]} 3. g3 {[%emt 0:00:20]} d5 {[%emt 0:00:26]} 4. b3 {[%emt 0:00:31]} Be7 {[%emt 0:00:32]} 5. Bg2 {[%emt 0:00:30]} O-O {[%emt 0:00:18]} 6. Bb2 {[%emt 0:00:07]} a5 {[%emt 0:00:28]} 7. O-O {[%emt 0:06:30]} a4 {[%emt 0:01:09]} 8. d4 {[%emt 0:04:37]} a3 {[%emt 0:17:11]} 9. Bc1 {[%emt 0:00:46]} c6 {[%emt 0:01:00]} 10. c5 {[%emt 0:03:25]} b6 {[%emt 0:08:04]} 11. b4 {[%emt 0:06:54]} Na6 {[%emt 0:05:04]} 12. Bxa3 {[%emt 0:01:01]} Qc7 {[%emt 0:06:50]} 13. Qd3 {[%emt 0:15:33]} Nd7 {[%emt 0:12:36]} 14. Rc1 {[%emt 0:15:15]} e5 {[%emt 0:11:11]} 15. cxb6 {[%emt 0:02:28]} Qxb6 {[%emt 0:02:29]} 16. dxe5 {[%emt 0:02:12]} Bxb4 {[%emt 0:03:07]} 17. Bxb4 {[%emt 0:04:35]} Nxb4 {[%emt 0:00:08]} 18. Qd2 {[%emt 0:00:39]} Nc5 {[%emt 0:05:03]} 19. Nc3 {[%emt 0:00:17]} Bf5 {[%emt 0:02:05]} 20. Nd4 {[%emt 0:00:48]} Bg6 {[%emt 0:00:44]} 21. a3 {[%emt 0:12:34]} Nba6 {[%emt 0:03:24]} 22. Ra2 {[%emt 0:01:14]} Nd3 {[%emt 0:02:45]} 23. exd3 {[%emt 0:03:23]} Qxd4 {[%emt 0:00:06]} 24. Ne2 {[%emt 0:01:01]} Qxd3 {[%emt 0:00:46]} 25. Qxd3 {[%emt 0:00:38]} Bxd3 {[%emt 0:00:07]} 26. Rxc6 {[%emt 0:00:09]} Nb4 {[%emt 0:00:25]} 27. Rd2 {[%emt 0:02:06]} Nxc6 {[%emt 0:00:51]} 28. Rxd3 {[%emt 0:00:03]} Nxe5 {[%emt 0:05:14]} 29. Rxd5 {[%emt 0:00:29]} Rfe8 {[%emt 0:00:25]} 30. Rxe5 {[%emt 0:01:43]} Rxe5 {[%emt 0:00:18]} 31. Bxa8 {[%emt 0:00:09]} Rxe2 {[%emt 0:00:10]} 32. Bc6 1/2-1/2

[Event "84th ESP-ch 2019"]
[Site "Marbella"]
[Date "2019.11.21"]
[Round "6.36"]
[White "Juan Mas, Santiago"]
[Black "Represa Perez, Mireya"]
[Result "0-1"]
[WhiteElo "1930"]
[BlackElo "2189"]
[Annotator "ChessBase"]
[PlyCount "36"]
[EventDate "2019.11.16"]
[EventType "swiss"]
[EventCountry "ESP"]
[SourceTitle "playchess.com"]
[Source "ChessBase"]
[SourceQuality "1"]
[TimeControl "5400+30"]

1. e4 {[%emt 0:00:00]} c5 2. d4 {[%emt 0:00:00]} cxd4 {[%emt 0:00:00]} 3. c3 {[%emt 0:00:00]} dxc3 {[%emt 0:00:58]} 4. Nxc3 {[%emt 0:00:00]} Nc6 {[%emt 0:00:48]} 5. Nf3 {[%emt 0:00:00]} d6 {[%emt 0:00:32]} 6. Bc4 {[%emt 0:00:21]} e6 {[%emt 0:00:50]} 7. O-O {[%emt 0:01:35]} Be7 {[%emt 0:01:01]} 8. Qe2 {[%emt 0:02:31]} Nf6 {[%emt 0:00:58]} 9. Rd1 {[%emt 0:00:11]} e5 {[%emt 0:00:12]} 10. Be3 {[%emt 0:04:13]} O-O {[%emt 0:02:22]} 11. b4 {[%emt 0:02:33]} a6 {[%emt 0:03:10]} 12. Rac1 {[%emt 0:06:18]} Bg4 {[%emt 0:01:37]} 13. Nd5 {[%emt 0:11:00]} Nxd5 {[%emt 0:12:04]} 14. Bxd5 {[%emt 0:00:58]} Nxb4 {[%emt 0:03:01]} 15. Bxb7 {[%emt 0:03:08]} Rb8 {[%emt 0:05:32]} 16. Bxa6 {[%emt 0:02:07]} d5 {[%emt 0:07:34]} 17. Bc5 {[%emt 0:07:08]} Bxc5 {[%emt 0:02:33]} 18. Rxc5 {[%emt 0:01:57]} Qb6 {[%emt 0:01:03]} 0-1